00438nam a22001452 4500001001100000005001700011008004100028020002700069040001500096100003100111245006300142260003400205300001800239650003500257000000889220151217152043.0080616s xx 000 0 eng d a052161564x :cKES 1935 aKABUcKABU1 aFreeman, Mark.@000002434710aTruth commissions and procedural fairness /cMark Freeman. aCambridge :bC. U. P.,c2006. axxii, 400 p. 0aTruth commissions.@0000159670